Pays partenaires d'Erasmus en Allemand - Statistiques

Statistiques générales
  • Ce quiz a été pris 19 fois
  • Le résultat moyen est 3 sur 10
Statistiques - réponses
Par images Réponse % Correct
Frankreich
100%
Griechenland
100%
Portugal
100%
Liechtenstein
50%
Luxemburg
50%
Rumänien
50%
Serbien
50%
Dänemark
33%
Belgien
0%
Bulgarien
0%
Deutschland
0%
Estland
0%
Finnland
0%
Irland
0%
Island
0%
Italien
0%
Kroatien
0%
Lettland
0%
Litauen
0%
Malta
0%
Niederlande
0%
Nordmazedonien
0%
Norwegen
0%
Österreich
0%
Polen
0%
Schweden
0%
Slowakei
0%
Slowenien
0%
Spanien
0%
Tschechische Republik
0%
Türkei
0%
Ungarn
0%
Zypern
0%
Aucun quiz correspondant
Distribution des résultats
% des personnes avec chaque résultat
Percentile par nombre de réponses
Votre historique - résultats
Vous n’avez pas pris ce quiz